000
00276nam a2200109Ia 4500
008
200302s9999 xx 000 0 und d
100
_a
Francesc Rife
245
_a
Francesc Rife- Interior Industrial Design
260
_b
Loft Publications, Spain
260
_c
2011
300
_a
287
999
_c
4438
_d
4438